| 000 | 00894nam0a22002291 4500 | ||
|---|---|---|---|
| 001 | rc\2787812 | ||
| 005 | 20250529165821.0 | ||
| 035 | _a(NLR Aleph) 006914002 | ||
| 090 |
_a7376954 _c7376954 |
||
| 100 | _a20110915d1935 |||y0rusy50 ca | ||
| 101 | 0 | _arus | |
| 102 | _aRU | ||
| 105 | _ay z ||||| | ||
| 200 | 1 |
_aПо-большевистски проведем весенний сев _eДоклад пред. облисполкома С. Кондратьева на первой обл. парт. конференции (22 марта 1935 г.) _fС. Кондратьев |
|
| 210 |
_aОмск _cОбл. изд-во _d1935 _gт.-л. изд-ва "О.П." |
||
| 215 |
_aОбл., 57, [2] с. _d18х13 см. |
||
| 700 | 1 |
_aКондратьев _bС.С. _gСергей Сергеевич |
|
| 801 | 0 |
_aRU _bNLR _gpsbo |
|
| 801 | 1 |
_aRU _bELAR _2rusmarc |
|
| 852 |
_aNLR _j35-9/155 |
||
| 942 | _cBOOK | ||
| 980 | _aNB | ||